Vplyv externej a internej komunikácie na rozvoj podniku = Influence of the internal and external communication on the company progress : Monotematická práca. Habilitačná práca
Guardado en:
| Autor principal: | |
|---|---|
| Formato: | Tesis Libro |
| Lenguaje: | eslovaco |
| Publicado: |
Trnava :
STU v Bratislave MTF,
2007
|
| Materias: | |
| Etiquetas: |
Sin Etiquetas, Sea el primero en etiquetar este registro!
|
MARC
| LEADER | 00000ntm a22000003a 4500 | ||
|---|---|---|---|
| 001 | stu152958 | ||
| 005 | 20151016095812.0 | ||
| 008 | 071130s2007----xo------------------slo-d | ||
| 040 | |a STU |b slo | ||
| 041 | 0 | |a slo | |
| 044 | |a xo | ||
| 100 | 1 | |a Matúš, Jozef |4 aut |u M |T MTF Materiálovotechnologická fakulta |U M |Y 60 | |
| 245 | 1 | |a Vplyv externej a internej komunikácie na rozvoj podniku = Influence of the internal and external communication on the company progress : |b Monotematická práca. Habilitačná práca | |
| 260 | |a Trnava : |b STU v Bratislave MTF, |c 2007 | ||
| 300 | |a 166 s. | ||
| 502 | |a Habilitačná práca (Doc.) - STU MTF v Trnave, 2007 | ||
| 650 | 7 | |a komunikácia |2 stusub | |
| 650 | 7 | |a reklama |2 stusub | |
| 650 | 7 | |a Public Relations |2 estusub | |
| 650 | 7 | |a marketing |2 estusub | |
| 996 | |b 284M066959 |c M*HP-30 |l MMSKP |s P |a 0 |w stu152958_0001 | ||
| 996 | |c M* HP-70 |l MMSKP |s P |a 0 |w stu152958_0002 | ||